Moderatorzy Rzeźników Kartomanii - Statystyki

Ogólne statystyki
  • Ten quiz został rozwiązany 135 razy
  • Średni wynik to 5 z 12
Statystyki odpowiedzi
Imię i nazwisko bądź samo nazwisko % Poprawnych
10 Natan Czyżewski
62%
5 Dominika Wiklińska
60%
3 Alek Zakrzewski
52%
6 Maja Szczepańska
47%
4 Dawid Florek
45%
11 Marcel Górlicki
45%
7 Jakub Lis
43%
2 Szymon Pawlicki
34%
9 Sebastian Hertig
32%
8 Aleksander Żuk
28%
12 Alex Kocela
27%
1 Albert Masionis
25%
Nie znaleziono quizów pasujących do podanych kryteriów
Rozkład punktacji
Procent ludzi z każdym wynikiem
Percentyl według liczby udzielonych odpowiedzi
Twoja historia wyników
Nie rozwiązałeś tego quizu